000 00979nam a2200253Ia 4500
003 OSt
005 20220923225328.0
006 a|||||r|||| 00| 0
007 ta
008 220922b |||||||| |||| 00| 0 hin d
024 _a263,490
037 _cTextual
040 _aARTS
_cARTS
_bhin
041 _2hin
_ahin
082 _aO11195:g, 152K0
100 _aवर्मा, रवीन्द्र सहाय
245 0 _aपाश्चात्य साहित्यलोचन और हिन्दी पर उसका प्रभाव
246 _aPāshchātya sāhityalochan aur hindī par usakā prabhāva
260 _aगोखपुर
_b विश्वविद्यालय प्रकाशन
_c1960
300 _a185i~0
_ccm.
650 _aपाश्चात्य साहित्य
942 _hO11195:g, 152K0
_cTEXL
_2CC
999 _c377581
_d377581